[Event "Landesliga West MV 2013/14"]
[Site "?"]
[Date "2013.12.15"]
[Round "4.5"]
[White "Tuchtenhagen, Harald"]
[Black "Schreiber, Nico"]
[Result "1/2-1/2"]
[WhiteElo "1838"]
[BlackElo "1729"]
[PlyCount "66"]
[EventType "team-tourn"]
[EventRounds "9"]
[WhiteTeam "Post SV Ludwigslust"]
[BlackTeam "SC Mecklenburger Springer"]

1. e4 d5 2. d4 c6 3. e5 h6 4. Bd3 Nd7 5. e6 Ndf6 6. exf7+ Kxf7 7. Nf3 Nd7 8.
Nh4 Ngf6 9. Qe2 Nb6 10. Ng6 Kg8 11. Nd2 Qd6 12. Nf3 Bg4 13. Nxh8 Kxh8 14. O-O
Nbd7 15. Qe3 Bxf3 16. Qxf3 e5 17. dxe5 Nxe5 18. Qf5 Nxd3 19. Qxd3 Re8 20. g3
Qe6 21. Bf4 Qh3 22. Qf3 Bc5 23. Qg2 Qf5 24. c3 Re2 25. Rae1 Bxf2+ 26. Qxf2 Rxf2
27. Rxf2 Ne4 28. Rfe2 g5 29. Bb8 Qg4 30. Kg2 a6 31. Re3 Kh7 32. Rf1 Kg6 33. Be5
h5 1/2-1/2

[Event "Landesliga West MV 2013/14"]
[Site "?"]
[Date "2013.12.15"]
[Round "4.6"]
[White "Hopp, Peter"]
[Black "Mitscherling, Reinhard"]
[Result "1/2-1/2"]
[WhiteElo "1637"]
[BlackElo "1837"]
[PlyCount "138"]
[EventType "team-tourn"]
[EventRounds "9"]
[WhiteTeam "SC Mecklenburger Springer"]
[BlackTeam "Post SV Ludwigslust"]

1. e4 e5 2. Nf3 Nc6 3. Bc4 Nf6 4. Ng5 d5 5. exd5 Na5 6. Bb5+ c6 7. dxc6 bxc6 8.
Be2 h6 9. Nf3 e4 10. Ne5 Qd4 11. Ng4 Bxg4 12. Bxg4 e3 13. f3 Nxg4 14. fxg4
O-O-O 15. Qe2 exd2+ 16. Bxd2 Bc5 17. c3 Qd5 18. Kd1 Nc4 19. Kc2 Rhe8 20. Qf3
Qe6 21. Re1 Qg6+ 22. Qf5+ Qxf5+ 23. gxf5 Rxe1 24. Bxe1 Ne3+ 25. Kb3 Nxg2 26.
Na3 Re8 27. Bg3 Bxa3 28. Kxa3 Ne3 29. Kb4 Nxf5 30. Bf2 Kb7 31. Rd1 Re7 32. Bc5
Rc7 33. Rd8 g6 34. Kc4 h5 35. b4 a6 36. a4 g5 37. Rg8 g4 38. Rg5 Ne7 39. Rxh5
Ng6 40. Rg5 Rd7 41. Bd4 Nf4 42. Rxg4 Nd5 43. h4 f6 44. h5 Rh7 45. Rh4 Rh6 46.
b5 axb5+ 47. axb5 Ne7 48. bxc6+ Kxc6 49. Be3 Rh7 50. Rh1 Nd5 51. Bd2 f5 52. h6
f4 53. Rh5 Nf6 54. Rc5+ Kd6 55. Bxf4+ Ke6 56. Bc1 Nd7 57. Rc6+ Kf5 58. Kb5 Ne5
59. Ra6 Rb7+ 60. Rb6 Rc7 61. Bd2 Ke4 62. Re6 Rb7+ 63. Ka6 Rd7 64. Be1 Kf5 65.
Rb6 Nc4 66. Rb5+ Kg6 67. Rc5 Ne3 68. Rc6+ Kh7 69. c4 Nxc4 1/2-1/2

[Event "Landesliga West MV 2013/14"]
[Site "?"]
[Date "2013.12.15"]
[Round "4.7"]
[White "Emmrich, Olaf"]
[Black "Goldbach, Aaron"]
[Result "1-0"]
[WhiteElo "1800"]
[BlackElo "1594"]
[PlyCount "111"]
[EventType "team-tourn"]
[EventRounds "9"]
[WhiteTeam "Post SV Ludwigslust"]
[BlackTeam "SC Mecklenburger Springer"]

1. e4 c5 2. Nf3 e6 3. c3 Nc6 4. d4 cxd4 5. cxd4 Nf6 6. Nc3 Bb4 7. Bd3 O-O 8.
O-O Be7 9. e5 Ne8 10. a3 d6 11. Be3 a6 12. Rc1 b5 13. Nxb5 Nxe5 14. dxe5 axb5
15. Qc2 h6 16. Bxb5 Bd7 17. Bxd7 Qxd7 18. Rfd1 d5 19. Nd4 Bd8 20. Qc6 Qxc6 21.
Nxc6 g5 22. Bc5 Ng7 23. Bxf8 Kxf8 24. Nxd8 Rxd8 25. Rc7 Nf5 26. Rd3 Rb8 27. b4
Kg7 28. Rf3 h5 29. Rfc3 Kg6 30. g3 Nd4 31. Kf1 Nb5 32. Rc8 Rxc8 33. Rxc8 Nxa3
34. Ke2 Kf5 35. Rh8 Nc2 36. Rxh5 Nxb4 37. f4 f6 38. exf6 Kxf6 39. fxg5+ Kf5 40.
Rh4 Nc6 41. Ra4 Kxg5 42. Ra6 Nd4+ 43. Kd3 Nb3 44. Rb6 Nc5+ 45. Kd4 Ne4 46. Rxe6
Nd2 47. Kxd5 Nf1 48. Re2 Kg4 49. Ke5 Kf3 50. Ra2 Kg4 51. Ra4+ Kg5 52. Ra8 Kg6
53. h4 Kh5 54. Kf4 Nd2 55. g4+ Kg6 56. h5+ 1-0

[Event "Landesliga West MV 2013/14"]
[Site "?"]
[Date "2013.12.15"]
[Round "4.8"]
[White "Wittenburg, Philipp"]
[Black "Altenburg, Reiner"]
[Result "1-0"]
[WhiteElo "1550"]
[BlackElo "1698"]
[PlyCount "133"]
[EventType "team-tourn"]
[EventRounds "9"]
[WhiteTeam "SC Mecklenburger Springer"]
[BlackTeam "Post SV Ludwigslust"]

1. d4 d5 2. Nf3 Nf6 3. g3 e6 4. Bg2 c5 5. O-O cxd4 6. Nxd4 e5 7. Nf3 Nc6 8. c3
Be7 9. Nbd2 O-O 10. Nb3 a5 11. a4 Bg4 12. h3 Be6 13. Ng5 Qd7 14. Nxe6 Qxe6 15.
Be3 Rfd8 16. Bb6 Re8 17. Nc5 Bxc5 18. Bxc5 Rad8 19. Bb6 Rd6 20. Qb3 Nd7 21. Bc7
Nc5 22. Qb5 Rd7 23. Qxc5 Rxc7 24. Qxd5 Qxd5 25. Bxd5 Rd8 26. Bxc6 Rxc6 27. Rfd1
Rcd6 28. Rxd6 Rxd6 29. e3 g5 30. g4 Kf8 31. Kg2 Ke7 32. Kf3 Rd2 33. Rb1 Rc2 34.
b4 Rxc3 35. bxa5 Rc7 36. Rb6 Kf8 37. a6 bxa6 38. Rxa6 Rc2 39. a5 e4+ 40. Kg2
Rc4 41. Ra8+ Kg7 42. a6 Ra4 43. a7 h6 44. h4 Ra2 45. hxg5 hxg5 46. Kg3 Ra6 47.
Kh3 Kf6 48. Kg2 Ra2 49. Kf1 Kg7 50. Ke1 Kf6 51. Kd1 Kg7 52. Kc1 Kf6 53. Kb1 Ra5
54. Kb2 Kg7 55. Kb3 Ra6 56. Kc4 Kf6 57. Kd4 Ra4+ 58. Kd5 Kg7 59. Ke5 f6+ 60.
Kf5 Ra6 61. Kxe4 Ra4+ 62. Kf5 Ra5+ 63. Ke6 Ra6+ 64. Kd5 Ra5+ 65. Kc6 Kg6 66. f4
gxf4 67. exf4 1-0

[Event "Landesliga West MV 2013/14"]
[Site "?"]
[Date "2014.01.19"]
[Round "5.1"]
[White "Schulz, Bernd"]
[Black "Mueller, Axel"]
[Result "1/2-1/2"]
[WhiteElo "1828"]
[BlackElo "1936"]
[PlyCount "48"]
[EventType "team-tourn"]
[EventRounds "9"]
[WhiteTeam "ASV GW Wismar II"]
[BlackTeam "Putlitzer SV 1921"]

1. e4 g6 2. d4 Bg7 3. Nf3 d6 4. Nc3 Nf6 5. h3 O-O 6. Be3 c6 7. a4 Qa5 8. Bd3
Nbd7 9. O-O Re8 10. Qd2 a6 11. Bc4 e6 12. Ng5 Qc7 13. a5 c5 14. d5 e5 15. Rfe1
b5 16. axb6 Nxb6 17. Qd3 Qb7 18. Reb1 Nxc4 19. Qxc4 Bd7 20. Nf3 Reb8 21. Nd2
Ne8 22. Ra5 f5 23. f3 Nc7 24. Qa2 f4 1/2-1/2

[Event "Landesliga West MV 2013/14"]
[Site "?"]
[Date "2014.01.19"]
[Round "5.2"]
[White "Prenzlow, Michael"]
[Black "Piske, Thomas"]
[Result "1-0"]
[WhiteElo "1788"]
[BlackElo "1791"]
[PlyCount "85"]
[EventType "team-tourn"]
[EventRounds "9"]
[WhiteTeam "Putlitzer SV 1921"]
[BlackTeam "ASV GW Wismar II"]

1. e4 d6 2. d4 Nf6 3. Nc3 g6 4. Bg5 Bg7 5. e5 Nfd7 6. f4 O-O 7. Nf3 f6 8. Bc4+
Kh8 9. exf6 exf6 10. Bh4 Re8+ 11. Be2 Nb6 12. O-O Qe7 13. Qd2 Be6 14. Rae1 Qf7
15. b3 Nc6 16. Bf2 d5 17. Be3 Bg4 18. h3 Bxf3 19. Bxf3 f5 20. Nd1 Ne7 21. Nb2
c6 22. Nd3 Ng8 23. Ne5 Qc7 24. g4 Nf6 25. Qf2 Ne4 26. Bxe4 dxe4 27. Qh4 Re6 28.
c4 Rf8 29. Re2 Nd7 30. Bc1 Nxe5 31. fxe5 Qd8 32. Qxd8 Rxd8 33. gxf5 gxf5 34.
Be3 Rf8 35. Ref2 Bh6 36. Bxh6 Rxh6 37. Rxf5 Rxf5 38. Rxf5 Rxh3 39. e6 Rg3+ 40.
Kf2 Rg7 41. Rf8+ Rg8 42. e7 Kg7 43. Rxg8+ 1-0

[Event "Landesliga West MV 2013/14"]
[Site "?"]
[Date "2014.01.19"]
[Round "5.2"]
[White "Wagner, Prof. Bernd"]
[Black "Blume, Christian"]
[Result "1/2-1/2"]
[WhiteElo "1832"]
[BlackElo "1750"]
[PlyCount "48"]
[EventType "team-tourn"]
[EventRounds "9"]
[WhiteTeam "ASV GW Wismar II"]
[BlackTeam "Putlitzer SV 1921"]

1. d4 d5 2. c4 e6 3. Nc3 Nf6 4. Bf4 c6 5. e3 Bd6 6. Bg3 O-O 7. Bd3 dxc4 8. Bxc4
Qc7 9. Nge2 Nbd7 10. Rc1 Bxg3 11. hxg3 Nb6 12. Bd3 Rd8 13. Ne4 Nxe4 14. Bxe4 g6
15. Qc2 e5 16. O-O Be6 17. b3 Rac8 18. Rfd1 exd4 19. Nxd4 Bd5 20. Bf3 Bxf3 21.
gxf3 Qe7 22. Rd2 Rd7 23. Rcd1 Rcd8 24. Ne2 Rxd2 1/2-1/2

[Event "Landesliga West MV 2013/14"]
[Site "?"]
[Date "2014.01.19"]
[Round "5.4"]
[White "Vieten, Florian"]
[Black "Schubert, Erik"]
[Result "0-1"]
[WhiteElo "1687"]
[BlackElo "1683"]
[PlyCount "40"]
[EventType "team-tourn"]
[EventRounds "9"]
[WhiteTeam "Putlitzer SV 1921"]
[BlackTeam "ASV GW Wismar II"]

1. e4 e5 2. Nc3 Bc5 3. Bc4 Nf6 4. f4 d6 5. Nf3 Ng4 6. d4 exd4 7. Nxd4 Qh4+ 8.
g3 Qf6 9. Nd5 Qd8 10. Nf5 Nf2 11. Nxg7+ Kf8 12. Qh5 Kxg7 13. f5 Re8 14. Qh6+
Kh8 15. Nf6 Bxf5 16. Nxe8 Qxe8 17. Qf6+ Kg8 18. Bh6 Qxe4+ 19. Be2 Qxh1+ 20. Kd2
Ne4+ 0-1

[Event "Landesliga West MV 2013/14"]
[Site "?"]
[Date "2014.01.19"]
[Round "5.5"]
[White "Quang, Luu Vinh"]
[Black "Oelke, Bernd"]
[Result "0-1"]
[WhiteElo "1430"]
[BlackElo "1764"]
[PlyCount "68"]
[EventType "team-tourn"]
[EventRounds "9"]
[WhiteTeam "ASV GW Wismar II"]
[BlackTeam "Putlitzer SV 1921"]

1. e4 c6 2. d4 d5 3. exd5 cxd5 4. h3 Bf5 5. Nf3 Nf6 6. Bf4 Nc6 7. Nbd2 e6 8.
Bb5 a6 9. Bxc6+ bxc6 10. O-O h6 11. c3 Bd6 12. Ne5 Qc7 13. Qa4 Bxe5 14. Bxe5
Qb6 15. Nf3 Nd7 16. Bd6 f6 17. Rfe1 Kf7 18. Nh4 Bh7 19. Re2 Qb5 20. Qxb5 axb5
21. Rae1 Rhe8 22. a3 Nb6 23. Nf3 Nc4 24. Bb4 Bd3 25. Rd2 Nxd2 26. Nxd2 e5 27.
Re3 e4 28. Nb3 f5 29. f4 g5 30. g3 gxf4 31. gxf4 Rg8+ 32. Kf2 Rg7 33. Na5 Rag8
34. Rxd3 Rg2+ 0-1

[Event "Landesliga West MV 2013/14"]
[Site "?"]
[Date "2014.01.19"]
[Round "5.6"]
[White "Philipp, Daniel"]
[Black "Raeszler, Arndt"]
[Result "1/2-1/2"]
[WhiteElo "1575"]
[BlackElo "1692"]
[PlyCount "62"]
[EventType "team-tourn"]
[EventRounds "9"]
[WhiteTeam "Putlitzer SV 1921"]
[BlackTeam "ASV GW Wismar II"]

1. e4 e6 2. d4 d5 3. exd5 exd5 4. Bf4 Bd6 5. Bxd6 Qxd6 6. Nc3 c6 7. Nf3 Bg4 8.
Be2 Nf6 9. Ne5 Bxe2 10. Qxe2 O-O 11. O-O-O b5 12. f4 a5 13. g4 a4 14. g5 Nfd7
15. Qg4 b4 16. Nb1 b3 17. a3 bxc2 18. Kxc2 c5 19. Nxd7 Nxd7 20. Nc3 c4 21. Qf3
Nb6 22. h4 Rae8 23. Rhe1 Rxe1 24. Rxe1 f6 25. f5 Qh2+ 26. Re2 Qxh4 27. gxf6
Qxf6 28. Nxd5 Qxd4 29. Nxb6 Qxb6 30. Qd5+ Kh8 31. Qxc4 Rb8 1/2-1/2

[Event "Landesliga West MV 2013/14"]
[Site "?"]
[Date "2014.01.19"]
[Round "5.7"]
[White "Schmidtke, Wilfried"]
[Black "Gottschalk, Maik"]
[Result "1-0"]
[WhiteElo "1609"]
[BlackElo "1646"]
[PlyCount "69"]
[EventType "team-tourn"]
[EventRounds "9"]
[WhiteTeam "ASV GW Wismar II"]
[BlackTeam "Putlitzer SV 1921"]

1. d4 d5 2. c4 e6 3. Nc3 Nf6 4. e3 Be7 5. Nf3 c6 6. b3 Nbd7 7. Bd3 Bb4 8. Bd2
O-O 9. O-O Bxc3 10. Bxc3 Ne4 11. Bb2 Ndf6 12. Ne5 Qc7 13. Rc1 Nd7 14. Bxe4 dxe4
15. b4 Nxe5 16. dxe5 Qe7 17. a3 b6 18. Qd6 Qxd6 19. exd6 Ba6 20. Rfd1 c5 21. b5
Bb7 22. d7 Rfd8 23. Be5 f6 24. Bc7 Kf7 25. Bxd8 Rxd8 26. Rd6 Ke7 27. Rcd1 Ba8
28. g4 g5 29. h4 h6 30. hxg5 hxg5 31. Kg2 Bb7 32. Kg3 Ba8 33. R6d2 Kf7 34. Rh1
Bb7 35. Rh7+ 1-0

[Event "Landesliga West MV 2013/14"]
[Site "?"]
[Date "2014.01.19"]
[Round "5.8"]
[White "Feige, Detlef"]
[Black "Soltmann, Jan"]
[Result "1-0"]
[WhiteElo "1582"]
[BlackElo "1351"]
[PlyCount "109"]
[EventType "team-tourn"]
[EventRounds "9"]
[WhiteTeam "Putlitzer SV 1921"]
[BlackTeam "ASV GW Wismar II"]

1. d4 d5 2. c4 e6 3. Nc3 Nf6 4. a3 h6 5. Nf3 Bd6 6. c5 Be7 7. Bf4 O-O 8. h3
Nbd7 9. e3 c6 10. Bd3 b6 11. b4 a5 12. O-O Ba6 13. Qe2 Bxd3 14. Qxd3 b5 15. Ne2
Ne4 16. Ne5 Nxe5 17. Bxe5 Bf6 18. Bh2 Be7 19. f3 Nf6 20. Qc3 a4 21. Nc1 Qd7 22.
Nd3 Bd8 23. Ne5 Qc8 24. Kh1 Bc7 25. Nxc6 Re8 26. Ne5 Nd7 27. Nxd7 Qxd7 28. Bxc7
Qxc7 29. Qd3 Rab8 30. f4 f5 31. Qe2 Qf7 32. Rac1 Rec8 33. Rg1 Rc6 34. Kh2 h5
35. g4 hxg4 36. hxg4 Kf8 37. gxf5 Qxf5 38. Rg5 Qf6 39. Rcg1 Rcc8 40. Qh5 Qh6
41. Qxh6 gxh6 42. Rh5 Kf7 43. Rxh6 Rh8 44. Rxh8 Rxh8+ 45. Kg2 Rc8 46. Kf3 Kf6
47. Rg5 Rh8 48. Kg3 Rh1 49. Kf3 Ra1 50. e4 Rxa3+ 51. Ke2 dxe4 52. c6 Rc3 53.
Rc5 Rxc5 54. dxc5 a3 55. c7 1-0

[Event "Landesliga West MV 2013/14"]
[Site "?"]
[Date "2014.01.19"]
[Round "5.1"]
[White "Littke, Helmut"]
[Black "Montag, Ralf"]
[Result "1/2-1/2"]
[WhiteElo "2019"]
[BlackElo "1966"]
[PlyCount "32"]
[EventType "team-tourn"]
[EventRounds "9"]
[WhiteTeam "ASV GW Wismar"]
[BlackTeam "Post SV Ludwigslust"]

1. c4 f5 2. d4 Nf6 3. g3 e6 4. Bg2 Bb4+ 5. Nc3 O-O 6. Nf3 Ne4 7. Qb3 c5 8. O-O
Bxc3 9. bxc3 Nc6 10. Nd2 Nxd2 11. Bxd2 cxd4 12. cxd4 Nxd4 13. Qd3 Nc6 14. Bf4
d5 15. cxd5 Nb4 16. Qb3 Nxd5 1/2-1/2

[Event "Landesliga West MV 2013/14"]
[Site "?"]
[Date "2014.01.19"]
[Round "5.2"]
[White "Illgen, Alexander"]
[Black "Kliewe, Hans-Juergen"]
[Result "1/2-1/2"]
[WhiteElo "1876"]
[BlackElo "1947"]
[PlyCount "48"]
[EventType "team-tourn"]
[EventRounds "9"]
[WhiteTeam "Post SV Ludwigslust"]
[BlackTeam "ASV GW Wismar"]

1. d4 d5 2. c4 c6 3. cxd5 cxd5 4. Nc3 Nf6 5. Nf3 Nc6 6. Bg5 e6 7. e3 Bb4 8. Rc1
h6 9. Bxf6 Qxf6 10. Bd3 O-O 11. O-O Rd8 12. Bb1 Bf8 13. Ne2 e5 14. dxe5 Nxe5
15. Nxe5 Qxe5 16. Qd3 g6 17. Nd4 Bg7 18. Qb3 Qg5 19. Rfd1 Bh3 20. g3 Bg4 21.
Rd2 Rac8 22. Rcc2 Rc7 23. Ne2 Rxc2 24. Bxc2 Bxe2 1/2-1/2

[Event "Landesliga West MV 2013/14"]
[Site "?"]
[Date "2014.01.19"]
[Round "5.3"]
[White "Stutz, Dr. Reno"]
[Black "Wiemer, Juergen"]
[Result "1-0"]
[WhiteElo "1919"]
[BlackElo "1840"]
[PlyCount "77"]
[EventType "team-tourn"]
[EventRounds "9"]
[WhiteTeam "ASV GW Wismar"]
[BlackTeam "Post SV Ludwigslust"]

1. d4 Nf6 2. Nf3 d6 3. e3 Bg4 4. Be2 Nbd7 5. O-O e5 6. c4 Be7 7. Nc3 c6 8. h3
Bh5 9. b3 O-O 10. Bb2 Qc7 11. Rc1 Rad8 12. d5 Nc5 13. b4 Nce4 14. Nxe4 Nxe4 15.
Nd2 Nxd2 16. Qxd2 Bg6 17. Bd3 f5 18. f3 Bh4 19. e4 Bg3 20. Qc3 cxd5 21. exd5
Qe7 22. c5 e4 23. cxd6 Bxd6 24. fxe4 Bxb4 25. Qd4 b6 26. e5 Bc5 27. Rxc5 bxc5
28. d6 Qb7 29. Qc3 h5 30. Re1 Rb8 31. Re2 Bf7 32. Bc4 Qb4 33. e6 Qxc3 34. exf7+
Kh7 35. Bxc3 Rb1+ 36. Re1 Rb6 37. Re8 Rxf7 38. Bxf7 Rxd6 39. Bg8+ 1-0

[Event "Landesliga West MV 2013/14"]
[Site "?"]
[Date "2014.01.19"]
[Round "5.4"]
[White "Meier, Klaus"]
[Black "Bahr, Enrico"]
[Result "1/2-1/2"]
[WhiteElo "1850"]
[BlackElo "1859"]
[PlyCount "81"]
[EventType "team-tourn"]
[EventRounds "9"]
[WhiteTeam "Post SV Ludwigslust"]
[BlackTeam "ASV GW Wismar"]

1. d4 Nf6 2. Nf3 d5 3. c4 c6 4. Nc3 e6 5. cxd5 exd5 6. Bg5 Be7 7. Qc2 Bg4 8.
Ne5 Bh5 9. e3 Nbd7 10. Bxf6 Nxf6 11. Bd3 Bd6 12. Nf3 Bg6 13. h3 Qe7 14. Bf5 O-O
15. O-O Rfe8 16. Rfe1 Rad8 17. Rad1 Ne4 18. Bxe4 dxe4 19. Nd2 Bh5 20. Rc1 f5
21. a3 Qg5 22. Qb3+ Kh8 23. Qc4 Bf3 24. Nxf3 exf3 25. Qf1 Re6 26. Kh1 Rg6 27.
gxf3 Qh5 28. f4 Qf3+ 29. Kh2 Bb8 30. Ne2 Rdd6 31. Ng1 Qh5 32. Qe2 Qh4 33. Nf3
Qe7 34. Ng5 Rdf6 35. Qh5 Rh6 36. Qf3 Rfg6 37. Kg2 Rh4 38. Qg3 Rh5 39. Qf3 Rh4
40. Qg3 Rh5 41. Qf3 1/2-1/2

[Event "Landesliga West MV 2013/14"]
[Site "?"]
[Date "2014.01.19"]
[Round "5.5"]
[White "Borchert, Ulf"]
[Black "Mitscherling, Reinhard"]
[Result "1/2-1/2"]
[WhiteElo "1872"]
[BlackElo "1837"]
[PlyCount "67"]
[EventType "team-tourn"]
[EventRounds "9"]
[WhiteTeam "ASV GW Wismar"]
[BlackTeam "Post SV Ludwigslust"]

1. d4 f5 2. Nf3 Nf6 3. Nc3 d5 4. Bg5 e6 5. e3 Be7 6. Ne5 O-O 7. Be2 Nbd7 8.
Nxd7 Bxd7 9. f3 b6 10. O-O c5 11. Ba6 Rb8 12. Bf4 b5 13. Bxb8 Qxb8 14. a4 b4
15. Nb1 c4 16. b3 c3 17. a5 Bb5 18. Bxb5 Qxb5 19. Qd3 Qxd3 20. cxd3 Rc8 21. Rc1
Rb8 22. Nxc3 bxc3 23. Rxc3 Ne8 24. Rb1 Kf7 25. Rc6 Bb4 26. a6 Ke7 27. Rc2 Rb6
28. Ra2 Kd7 29. Ra4 g5 30. Kf2 Nc7 31. g3 Kc6 32. Rc1+ Kd7 33. Rb1 Kc6 34. Rc1+
1/2-1/2

[Event "Landesliga West MV 2013/14"]
[Site "?"]
[Date "2014.01.19"]
[Round "5.6"]
[White "Emmrich, Olaf"]
[Black "Podolskiy, Alexander"]
[Result "1/2-1/2"]
[WhiteElo "1800"]
[BlackElo "1846"]
[PlyCount "38"]
[EventType "team-tourn"]
[EventRounds "9"]
[WhiteTeam "Post SV Ludwigslust"]
[BlackTeam "ASV GW Wismar"]

1. e4 e5 2. Nf3 d6 3. Bc4 Be7 4. c3 Nf6 5. O-O O-O 6. Re1 Bg4 7. d3 Nbd7 8. Bg5
c6 9. Nbd2 Nd5 10. Bxe7 Nxe7 11. Qb3 Nc5 12. Qc2 Ng6 13. d4 Ne6 14. h3 Bxf3 15.
Nxf3 Ng5 16. Nxg5 Qxg5 17. Qe2 Kh8 18. Qg4 Qe7 19. g3 Rad8 1/2-1/2

[Event "Landesliga West MV 2013/14"]
[Site "?"]
[Date "2014.01.19"]
[Round "5.7"]
[White "Pentzien, Volker"]
[Black "Altenburg, Reiner"]
[Result "1-0"]
[WhiteElo "1832"]
[BlackElo "1698"]
[PlyCount "105"]
[EventType "team-tourn"]
[EventRounds "9"]
[WhiteTeam "ASV GW Wismar"]
[BlackTeam "Post SV Ludwigslust"]

1. e4 c5 2. Nf3 Nc6 3. d4 cxd4 4. Nxd4 Nf6 5. Nc3 e5 6. Ndb5 d6 7. Bg5 a6 8.
Na3 b5 9. Bxf6 gxf6 10. Nd5 Bg7 11. Be2 f5 12. Bf3 O-O 13. g3 fxe4 14. Bxe4 f5
15. Bg2 e4 16. c3 Ne5 17. O-O Bb7 18. Qb3 Kh8 19. Nf4 Qf6 20. Nc2 Bh6 21. Ne6
Rg8 22. Ncd4 f4 23. Bh3 Nf3+ 24. Nxf3 exf3 25. Nd4 fxg3 26. hxg3 Qh4 27. Kh2
Bf4 28. Nf5 Qh5 29. Qe6 Rg6 30. Qe7 Bc8 31. Qh4 Qxh4 32. Nxh4 Rh6 33. Bxc8 Rxc8
34. gxf4 Rxh4+ 35. Kg3 Rh6 36. Rad1 Rf8 37. Rd4 Rff6 38. Kxf3 Rhg6 39. Re1 h5
40. Rd5 Rh6 41. Rh1 h4 42. f5 Rh5 43. Kg4 Rfh6 44. Rxd6 Rxd6 45. Kxh5 Rd2 46.
Rxh4 Rxf2 47. Kg6+ Kg8 48. Rd4 Rg2+ 49. Kf6 Rxb2 50. Rg4+ Kf8 51. a4 Rb3 52.
axb5 Rxb5 53. Rb4 1-0

[Event "Landesliga West MV 2013/14"]
[Site "?"]
[Date "2014.01.19"]
[Round "5.8"]
[White "Moutaqi, Sandra"]
[Black "Junggebauer, Thomas"]
[Result "1/2-1/2"]
[WhiteElo "1746"]
[BlackElo "1814"]
[PlyCount "30"]
[EventType "team-tourn"]
[EventRounds "9"]
[WhiteTeam "Post SV Ludwigslust"]
[BlackTeam "ASV GW Wismar"]

1. d4 d5 2. c4 e6 3. Nc3 Nf6 4. Nf3 Be7 5. Bg5 O-O 6. e3 c5 7. dxc5 Bxc5 8.
cxd5 exd5 9. Bd3 Nc6 10. O-O Nb4 11. Bb1 Be7 12. a3 Nc6 13. Qd3 g6 14. Ba2 Be6
15. Rfd1 Qc7 1/2-1/2

[Event "Landesliga West MV 2013/14"]
[Site "?"]
[Date "2014.01.19"]
[Round "5.1"]
[White "Siegert, Gregor"]
[Black "Stadler, Bertino"]
[Result "1-0"]
[WhiteElo "1859"]
[BlackElo "1654"]
[PlyCount "77"]
[EventType "team-tourn"]
[EventRounds "9"]
[WhiteTeam "SF Schwerin IV"]
[BlackTeam "SV Empor Kuehlungsborn"]

1. Nf3 g6 2. g3 Bg7 3. Bg2 Nf6 4. O-O O-O 5. d4 d5 6. b3 c6 7. c4 dxc4 8. bxc4
Nbd7 9. Bb2 Nb6 10. Nbd2 Bf5 11. Rc1 Ne4 12. Nh4 Nxd2 13. Qxd2 Be6 14. Qd3 f5
15. Ba1 Bf7 16. f4 e6 17. Nf3 Bf6 18. Ne5 Be8 19. Rfd1 Qe7 20. Rb1 Bxe5 21.
fxe5 Rb8 22. Kh1 Bf7 23. Qc3 Rfc8 24. e4 Rc7 25. exf5 gxf5 26. Rf1 Rd8 27. Rf4
Bg6 28. Rd1 Na4 29. Qb3 Nb6 30. a4 Rcd7 31. a5 Nc8 32. d5 Qc5 33. d6 b5 34.
cxb5 cxb5 35. Qxe6+ Rf7 36. Bd5 Qc2 37. Bb3 Qc6+ 38. Qd5 Rxd6 39. exd6 1-0

[Event "Landesliga West MV 2013/14"]
[Site "?"]
[Date "2014.01.19"]
[Round "5.2"]
[White "Kornblum, Harry"]
[Black "Rabinowitsch, Juri"]
[Result "0-1"]
[WhiteElo "1868"]
[BlackElo "1844"]
[PlyCount "48"]
[EventType "team-tourn"]
[EventRounds "9"]
[WhiteTeam "SV Empor Kuehlungsborn"]
[BlackTeam "SF Schwerin IV"]

1. d4 Nf6 2. c4 g6 3. Nc3 Bg7 4. e4 d6 5. Nf3 O-O 6. Be2 Nc6 7. d5 Nb8 8. O-O
a5 9. h3 Nbd7 10. Be3 e5 11. a3 Ne8 12. Nd2 f5 13. f4 Ndf6 14. Bd3 exf4 15.
Bxf4 fxe4 16. Ndxe4 Nxe4 17. Bxe4 Qh4 18. Qd2 Nf6 19. Bd3 Nh5 20. Be3 Bd7 21.
Ne4 Ng3 22. Nxg3 Qxg3 23. Bf4 Qh4 24. Kh2 Rxf4 0-1

[Event "Landesliga West MV 2013/14"]
[Site "?"]
[Date "2014.01.19"]
[Round "5.3"]
[White "Jung, Werner"]
[Black "Gipp, Thomas"]
[Result "1/2-1/2"]
[WhiteElo "1868"]
[BlackElo "1902"]
[PlyCount "86"]
[EventType "team-tourn"]
[EventRounds "9"]
[WhiteTeam "SF Schwerin IV"]
[BlackTeam "SV Empor Kuehlungsborn"]

1. e4 c5 2. Nf3 a6 3. d4 cxd4 4. Nxd4 Nf6 5. Bd3 e5 6. Ne2 b5 7. Be3 d5 8. Ng3
d4 9. Bd2 Bb7 10. O-O Bc5 11. Nh5 O-O 12. Bg5 Be7 13. Bxf6 Bxf6 14. Nxf6+ Qxf6
15. Nd2 Nd7 16. Nb3 Rac8 17. Qd2 Qg6 18. f3 Nb6 19. Na5 Ba8 20. b3 Nd7 21. a4
Qb6 22. axb5 axb5 23. Qb4 Rc5 24. Ra2 Nb8 25. Nc4 Qc6 26. Rxa8 bxc4 27. Rxb8
cxd3 28. Rxf8+ Kxf8 29. cxd3 Ke8 30. Qb8+ Ke7 31. b4 Rb5 32. Qa7+ Rb7 33. Qa3
Qb5 34. Rb1 f6 35. Rb3 Kf7 36. Qc1 Kg6 37. Qc4 Qa4 38. Rb1 Qa7 39. b5 Qb6 40.
Qd5 Rc7 41. Kf1 Rc5 42. Qd7 Qa5 43. Qf5+ Kf7 1/2-1/2

[Event "Landesliga West MV 2013/14"]
[Site "?"]
[Date "2014.01.19"]
[Round "5.4"]
[White "Busz, Stephan"]
[Black "Krueger, Gerhard"]
[Result "1-0"]
[WhiteElo "1891"]
[BlackElo "1866"]
[PlyCount "57"]
[EventType "team-tourn"]
[EventRounds "9"]
[WhiteTeam "SV Empor Kuehlungsborn"]
[BlackTeam "SF Schwerin IV"]

1. d4 d5 2. Bf4 Nf6 3. e3 e6 4. Nf3 Bd6 5. Ne5 Nbd7 6. Nd2 Qe7 7. Bd3 c5 8. c3
c4 9. Bc2 b5 10. O-O Bb7 11. Qf3 O-O 12. Qh3 h6 13. g4 Ne4 14. Rad1 Bxe5 15.
dxe5 Ng5 16. Qg3 Nc5 17. Bxg5 hxg5 18. Qh3 g6 19. Qh6 Rfd8 20. Nf3 Qf8 21. Qxg5
Ne4 22. Qh4 Kg7 23. Ng5 Nxg5 24. Qxg5 b4 25. f4 bxc3 26. f5 exf5 27. gxf5 Qe8
28. fxg6 fxg6 29. Rf6 1-0

[Event "Landesliga West MV 2013/14"]
[Site "?"]
[Date "2014.01.19"]
[Round "5.5"]
[White "Voll, Andreas"]
[Black "Prosz, Benjamin"]
[Result "1/2-1/2"]
[WhiteElo "1807"]
[BlackElo "1782"]
[PlyCount "71"]
[EventType "team-tourn"]
[EventRounds "9"]
[WhiteTeam "SF Schwerin IV"]
[BlackTeam "SV Empor Kuehlungsborn"]

1. e4 e6 2. d4 d5 3. e5 c5 4. c3 Nc6 5. Nf3 Bd7 6. Be2 cxd4 7. cxd4 Nge7 8. O-O
Nf5 9. Nc3 a6 10. Be3 Be7 11. Bd3 Nxe3 12. fxe3 Na5 13. Qe2 g6 14. e4 dxe4 15.
Nxe4 Bc6 16. Rac1 Rc8 17. Qe3 Bxe4 18. Bxe4 Rxc1 19. Qxc1 O-O 20. Rd1 Qd7 21.
Qc3 Nc6 22. d5 exd5 23. Bxd5 Qc7 24. e6 f6 25. Bb3 Rd8 26. Rd7 Qb6+ 27. Kh1 Kf8
28. Qd2 Kg7 29. h3 Rxd7 30. exd7 Qc5 31. Ba4 Bd8 32. Bxc6 Qxc6 33. b3 a5 34.
Nh2 Kf8 35. Qh6+ Kg8 36. Qd2 1/2-1/2

[Event "Landesliga West MV 2013/14"]
[Site "?"]
[Date "2014.01.19"]
[Round "5.6"]
[White "Prueter, Reinhard"]
[Black "Goettsching, Holger"]
[Result "1-0"]
[WhiteElo "1634"]
[BlackElo "1727"]
[PlyCount "39"]
[EventType "team-tourn"]
[EventRounds "9"]
[WhiteTeam "SV Empor Kuehlungsborn"]
[BlackTeam "SF Schwerin IV"]

1. d4 Nf6 2. Nf3 d5 3. c4 e6 4. Nc3 c6 5. e3 Bd6 6. Bd3 Nbd7 7. O-O O-O 8. e4
dxe4 9. Nxe4 Nxe4 10. Bxe4 Nf6 11. Bc2 Re8 12. Re1 Qc7 13. Ne5 c5 14. Bg5 Be7
15. Qd3 g6 16. Qf3 Kg7 17. Rad1 Bd7 18. d5 exd5 19. cxd5 Rf8 20. d6 1-0